000 00337nam a22001217a 4500
008 230703b xxu||||| |||| 00| 0 eng d
082 _a342.16
_bIPU 1987
245 _aConstitutional and Parliamentary Information
260 _bAssociation of Secretaries General of Parliaments
_c1987
300 _a68p
440 _n150
942 _2ddc
_cBK
999 _c3452
_d3452